[Event "IECC TH-M email"]
[Site "IECC email"]
[Date "1999.08.12"]
[Round "?"]
[White "Winkel, Bjarne"]
[Black "Carson, Mike"]
[Result "1-0"]
[WhiteElo "1349"]
[BlackElo "1509"]
[PlyCount "59"]
[EventDate "1999.??.??"]
[EventType "match (corr)"]
[EventRounds "2"]
[SourceTitle "Corr 2008"]
[Source "ChessBase"]
[SourceDate "2008.06.24"]
[SourceVersion "1"]
[SourceVersionDate "2008.06.24"]
[SourceQuality "1"]

1. e4 c6 2. d4 d5 3. exd5 cxd5 4. c4 Nf6 5. c5 e5 6. dxe5 Ng4 7. Bb5+ Nc6 8. h3 Nxf2 9. Kxf2 Bxc5+ 10. Kg3 0-0 11. Nf3 Qb6 12. Nc3 Be6 13. Qd3 Nb4 14. Na4 Nxd3 15. Nxb6 Nf2 16. Nxa8 Nxh1+ 17. Kh2 Rxa8 18. Kxh1 d4 19. Bd2 a6 20. Bd3 Bd5 21. Rc1 Bb6 22. Bc4 Bxc4 23. Rxc4 Ba7 24. Rc7 Rb8 25. Rd7 h6 26. Nxd4 Bxd4 27. Rxd4 Re8 28. Bc3 Re7 29. g4 Kh7 30. Kg2 1-0